Economic Development (Record no. 10815)

MARC details
000 -LEADER
fixed length control field 00379nam a2200157Ia 4500
008 - FIXED-LENGTH DATA ELEMENTS--GENERAL INFORMATION
fixed length control field 191201s2006 xx 000 0 und d
082 ## - DEWEY DECIMAL CLASSIFICATION NUMBER
Classification number 338.9
Item number TOE
100 ## - MAIN ENTRY--PERSONAL NAME
Personal name TODARO, Michael P.
245 #0 - TITLE STATEMENT
Title Economic Development
250 ## - EDITION STATEMENT
Edition statement 12th
260 ## - PUBLICATION, DISTRIBUTION, ETC. (IMPRINT)
Place of publication, distribution, etc New Delhi
Name of publisher, distributor, etc Pearson
Date of publication, distribution, etc 2021
300 ## - PHYSICAL DESCRIPTION
Extent 860
650 ## - SUBJECT ADDED ENTRY--TOPICAL TERM
Topical term or geographic name as entry element BA Economics
700 ## - ADDED ENTRY--PERSONAL NAME
Personal name SMITH, Stephen C.
942 ## - ADDED ENTRY ELEMENTS (KOHA)
Source of classification or shelving scheme Dewey Decimal Classification
Koha item type Text Books
942 ## - ADDED ENTRY ELEMENTS (KOHA)
-- 1
Holdings
Withdrawn status Lost status Source of classification or shelving scheme Damaged status Not for loan Collection code Home library Current library Date acquired Source of acquisition Currency Cost, normal purchase price Bill Number Total Checkouts Full call number Acc. no. / Barcode Date last seen Actual Cost, discounted price Bill Date Koha item type Date last borrowed
    Dewey Decimal Classification     B.A Economics PIET NCR College Library PIET NCR College Library 24/07/2021 Kirti Prakashan IN Rupees 749.00 IN2291   338.9 TOE N1723 06/08/2021 509.32 24/07/2021 Reference Books  
    Dewey Decimal Classification     B.A Economics PIET NCR College Library PIET NCR College Library 24/07/2021 Kirti Prakashan IN Rupees 749.00 IN2291 2 338.9 TOE N1724 02/01/2023 509.32 24/07/2021 Text Books 24/08/2022

Design & Developed by: PIET Central Library
R70 Miles Stone Pattikalyana Samalkha Panipat 132102
mail ID :- [email protected], Phone No:- 0180-2569700 Ex.216